LIBRARY & INFORMATION CENTRE, KCAET, TAVANUR

ONLINE PUBLIC ACCESS CATALOGUE (OPAC)

Method for determining strength giving properties of asbestos fibre ,IS:9745-1981 / (Record no. 4165)

MARC details
000 -LEADER
fixed length control field 00938cam a2200157ua 4500
041 ## - LANGUAGE CODE
Language code of text/sound track or separate title eng
082 ## - DEWEY DECIMAL CLASSIFICATION NUMBER
Classification number 622.367
Item number IND/ME
245 ## - TITLE STATEMENT
Title Method for determining strength giving properties of asbestos fibre ,IS:9745-1981 /
250 ## - EDITION STATEMENT
Edition statement 1 /
260 ## - PUBLICATION, DISTRIBUTION, ETC. (IMPRINT)
Place of publication :
Name of publisher ISI ,
Year of publication 1981.
300 ## - PHYSICAL DESCRIPTION
Number of Pages 30 ; .
942 ## - ADDED ENTRY ELEMENTS (KOHA)
Koha item type Books
Holdings
Withdrawn status Lost status Damaged status Home library Current library Date acquired Full call number Accession Number Koha item type
      KAUAET   07/04/2012 622.367 17101 Books
free website counter